[Event "Pilsen Region-chT 2223"]
[Site "Czech Republic"]
[Date "2023.03.19"]
[Round "10.6"]
[White "Bukvaj, Jan"]
[Black "Kvapil, Vladislav"]
[Result "1/2-1/2"]
[WhiteElo "1428"]
[BlackElo "1837"]
[PlyCount "54"]
[EventDate "2022.10.09"]
[EventType "team-tourn"]
[EventRounds "11"]
[EventCountry "CZE"]
[SourceTitle "EXT 2024"]
[Source "ChessBase"]
[SourceDate "2023.10.10"]
[SourceVersion "1"]
[SourceVersionDate "2023.10.10"]
[SourceQuality "1"]
[WhiteTeam "Klatovy II"]
[BlackTeam "Kozolupy Sakal"]
[WhiteTeamCountry "CZE"]
[BlackTeamCountry "CZE"]

1. e4 d5 2. exd5 Qxd5 3. Nc3 Qa5 4. d4 Nf6 5. Nf3 c6 6. Bc4 Bf5 7. Bd2 e6 8. 0-0 Bb4 9. a3 Bxc3 10. Bxc3 Qc7 11. Re1 0-0 12. Ne5 Nbd7 13. Bb4 Rfe8 14. Bb3 Rad8 15. Qe2 Nd5 16. Bxd5 cxd5 17. Nxd7 Rxd7 18. Bc3 Rc8 19. Rac1 Qc4 20. Qxc4 Rxc4 21. Re2 Rdc7 22. Rd2 b5 23. Kf1 R7c6 24. Ke1 Rc8 25. Kd1 f6 26. Bb4 R4c6 27. Bc5 a6 1/2-1/2

[Event "Pilsen Region-chT 2223"]
[Site "Czech Republic"]
[Date "2023.01.15"]
[Round "6.5"]
[White "Kvapil, Vladislav"]
[Black "Vacha, Jaroslav"]
[Result "1/2-1/2"]
[WhiteElo "1837"]
[BlackElo "1939"]
[PlyCount "39"]
[EventDate "2022.10.09"]
[EventType "team-tourn"]
[EventRounds "11"]
[EventCountry "CZE"]
[SourceTitle "EXT 2024"]
[Source "ChessBase"]
[SourceDate "2023.10.10"]
[SourceVersion "1"]
[SourceVersionDate "2023.10.10"]
[SourceQuality "1"]
[WhiteTeam "Kozolupy Sakal"]
[BlackTeam "Tachov"]
[WhiteTeamCountry "CZE"]
[BlackTeamCountry "CZE"]

1. e4 d5 2. exd5 c6 3. c4 Nf6 4. Nc3 cxd5 5. cxd5 Nxd5 6. Nf3 e6 7. Bc4 Nc6 8. 0-0 Nb6 9. Bb5 a6 10. Bxc6+ bxc6 11. d4 Bd6 12. Ne4 Bb8 13. b3 Qd5 14. Re1 f6 15. Ba3 Kf7 16. Rc1 Nd7 17. Qe2 Re8 18. Nfg5+ Kg6 19. Nf3 Kf7 20. Nfg5+ 1/2-1/2